000 00334nam a2200121Ia 4500
008 231129s9999||||xx |||||||||||||| ||spa||
020 _a84-323-0069-1 (Vol
082 _aHAJ 0007
100 _aBertaux Pierre
245 0 _aífrica volumen 32
264 _aMadrid: Closas Orcoyen
942 _2ddc
_cBKS
999 _c15523
_d15523